<?xml version="1.0" encoding="UTF-8"?>
<collection xmlns="http://www.loc.gov/MARC21/slim">
 <record>
  <leader>00375pamaa2200145   4500</leader>
  <controlfield tag="001">0000016394</controlfield>
  <controlfield tag="005">20070216090000.0</controlfield>
  <datafield tag="020" ind1="0" ind2="0">
   <subfield code="a">0948549513 </subfield>
  </datafield>
  <datafield tag="090" ind1="0" ind2="0">
   <subfield code="a">HF1001 </subfield>
   <subfield code="b">COL 1994</subfield>
  </datafield>
  <datafield tag="100" ind1="1" ind2="0">
   <subfield code="a">COLLINS </subfield>
  </datafield>
  <datafield tag="245" ind1="1" ind2="0">
   <subfield code="a">Dictionary of business  </subfield>
   <subfield code="c">P. H. Collin.</subfield>
  </datafield>
  <datafield tag="250" ind1="0" ind2="0">
   <subfield code="a">2nd ed..</subfield>
  </datafield>
  <datafield tag="260" ind1="0" ind2="0">
   <subfield code="a">Middlesex: </subfield>
   <subfield code="b">Peter Collin, </subfield>
   <subfield code="c">1994.</subfield>
  </datafield>
  <datafield tag="300" ind1=" " ind2=" ">
   <subfield code="a">351p.; </subfield>
   <subfield code="c">20cm.</subfield>
  </datafield>
  <datafield tag="650" ind1="0" ind2="0">
   <subfield code="a">Encyclopedia and dictionaries </subfield>
  </datafield>
 </record>
</collection>
